banner-ar

جذوة المقتبس فى تاريخ علماء الاندلس / (Record no. 63477)

MARC details
000 -الفاتح
حقل البيانات ثابتة الطول 00771nam a2200217Ia 4500
005 - وقت وتاريخ اخر تعامل مع التسجيلة
رقم الضبط 20240530110643.0
008 - عناصر البيانات ثابتة الطول - معلومات عامة
حقل البيانات ثابتة الطول 140319s9999 xx 000 0 ara d
040 ## - مصدر الفهرسة
وكالة الفهرسة الأصلية GCL /
وكالة النسخ GCL
082 04 - رقم تصنيف ديوى العشرى
رقم التصنيف 953.071
رقم المادة ح ج
100 1# - المدخل الرئيسى - إسم شخصى
الإسم الشخصى الحميدى , ابوعبدالله محمد بن
245 10 - بيان العنوان
العنوان جذوة المقتبس فى تاريخ علماء الاندلس /
بيان المسئوليه,etc الحميدى , ابوعبدالله محمد بن
260 ## - PUBLICATION, DISTRIBUTION, ETC. (IMPRINT)
تاريخ النشر أو التوزيع 1990
300 ## - الوصف المادى
التعداد متعدد
490 ## - بيان السلسلة
عنوان السلسلة سلسلة اللغات للمسافر
رقم المجلد/ التعيين التسلسلي 0
650 04 - المدخل الاضافى بالموضوع-مصطلح موضوعى
مصطلح موضوعي الاندلس
650 04 - المدخل الاضافى بالموضوع-مصطلح موضوعى
مصطلح موضوعي التاريخ الاسلامى
650 04 - المدخل الاضافى بالموضوع-مصطلح موضوعى
مصطلح موضوعي العرب فى اسبانيا
700 1# - المدخل الاضافى - اسم شخصى
الإسم الشخصى ابراهيم الابيارى
942 ## - عناصر المدخل الإضافي( كوها)
مصدر التصنيف او مخطط الترفيف Dewey Decimal Classification
Koha [default] item type المراجع
260 ## - PUBLICATION, DISTRIBUTION, ETC. (IMPRINT)
-- [S.N] :
-- دار الكتاب المصرى ،
Holdings
حالة التراجع حالة الفقد مصدر التصنيف او خطة الترفيف حالة تلف ليس للاعارة المكان المؤقت الموقع الحالى موقع الترفيف تاريخ الاكتساب اجمالي اﻻعارات رقم الطلب الباركود تاريخ اخر مشاهدة تاريخ تفعيل السعر نوع وعاء كوها
    ddc     مكتبة القاهرة الكبرى مكتبة القاهرة الكبرى القاعة الرئيسية 10/25/2017   953.071 ح ج 163532 10/25/2017 10/25/2017 المراجع
    ddc     مكتبة القاهرة الكبرى مكتبة القاهرة الكبرى القاعة الرئيسية 10/25/2017   953.071 ح ج 163533 10/25/2017 10/25/2017 المراجع
    ddc     مكتبة القاهرة الكبرى مكتبة القاهرة الكبرى القاعة الرئيسية 10/25/2017   953.071 ح ج 163534 10/25/2017 10/25/2017 المراجع
    ddc     مكتبة القاهرة الكبرى مكتبة القاهرة الكبرى القاعة الرئيسية 10/25/2017   953.071 ح ج 163535 10/25/2017 10/25/2017 المراجع
    ddc     مكتبة القاهرة الكبرى مكتبة القاهرة الكبرى القاعة الرئيسية 10/25/2017   953.071 ح ج 163536 10/25/2017 10/25/2017 المراجع

Powered By

EGPV